000 00665cam a22002531 4500
001 sa 68015053
003 DLC
005 20260227112639.0
008 890724s1967 ii b 000 0 hino
010 _asa 68015053
035 _a(OCoLC)20061336
040 _aDLC
_cWaU
_dDLC
042 _apremarc
043 _aa-ii---
050 0 0 _aPK5417
_b.S5
100 1 _aŚukla, Rāmalakhana,
_d1934-
245 1 0 _aSādhāraṇīkaraṇa: eka śāstrīya adhyayana.
260 _c[1967]
300 _a6, 437, 4 p.
_c23 cm.
500 _aIn Hindi.
504 _aBibliography: p. [427]-437.
650 0 _aIndic poetry
_xHistory and criticism.
650 0 _aPoetics.
999 _c86194
_d86194